Capitales europeas - Ahorcado aleatorio - Estadísticas

Estadísticas generales
  • Esta prueba ha sido intentada 17.342 veces
  • La puntuación promedio es 4 de 8
Estadísticas de respuestas
Letra % Correcto
Capital A
95%
Capital A
94%
Capital A
93%
Capital A
93%
Capital A
93%
Capital A
93%
Capital A
93%
Capital A
93%
Capital A
93%
Capital A
93%
Capital A
93%
Capital A
92%
Capital A
91%
Capital E
85%
Capital E
73%
Capital E
68%
Capital E
67%
Capital E
65%
Capital R
64%
Capital R
64%
Capital I
61%
Capital I
61%
Capital I
60%
Capital I
60%
Capital R
60%
Capital E
58%
Capital R
56%
Capital O
55%
Capita I
54%
Capital R
54%
Capital R
53%
Capital I
48%
Capital I
48%
Capital O
48%
Capital E
47%
Capital L
47%
Capital L
47%
Capital O
46%
Capital S
45%
Capital S
45%
Capital S
45%
Capital B
44%
Capital S
44%
Capital S
44%
Capital B
42%
Capital D
42%
Capital S
42%
Capital S
40%
Capital U
40%
Capital U
40%
Capital B
39%
Capital B
39%
Capital D
39%
Capital N
39%
Capital L
38%
Capita V
37%
Capital S
36%
Capital S
35%
Capital U
35%
Capital G
34%
Capital H
34%
Capital J
33%
Capital C
32%
Capital V
32%
Capital V
32%
Capital K
31%
Capital P
31%
Capital T
31%
Capital L
30%
Capital L
30%
Capital P
30%
Capital N
29%
Capital T
28%
Capital T
26%
Capital N
24%
Capital T
23%
Capital C
22%
Capital U
18%
Capital V
18%
Capital H
17%
No se encontraron pruebas coincidentes
Distribución de puntuación
Porcentaje de gente con cada puntuación
Porcentaje por número respondido
Historial de tus puntuaciones
No has intentado esta prueba.